Bob Dylan Songs - Sudden Death - Statistics

General Stats
  • This quiz has been taken 556 times
  • The average score is 9 of 16
Answers on the Grid
Answers color-coded by a green-red scale on the quiz's grid according to % correct below.
Like a Rolling Stone
Riders on the Storm
Visions of Johanna
I Want You
Wild Horses
God Only Knows
Blowin' in the Wind
When the Levee Breaks
Subterranean Homesick Alien
Time of the Season
A Hard Rain's A-Gonna Fall
Spanish Harlem Incident
Down by the River
Golden Slumbers
It Ain't Me Babe
Tombstone Blues
Pink Moon
Death of a Clown
Shelter From the Storm
Little Wing
Rocky Raccoon
It's All Over Now Baby Blue
Masters of War
Brown Eyed Girl
My Generation
Tangled Up in Blue
I Ain't Marching Anymore
Hurricane
Mr. Tambourine Man
Hallelujah
The Times They Are A-Changin'
Desolation Row
 
Answer Stats
Answer % Correct
Like a Rolling Stone
98%
Blowin' in the Wind
86%
Visions of Johanna
63%
Mr. Tambourine Man
61%
The Times They Are A-Changin'
60%
I Want You
58%
Hurricane
57%
It Ain't Me Babe
57%
A Hard Rain's A-Gonna Fall
56%
Tangled Up in Blue
52%
It's All Over Now Baby Blue
48%
Desolation Row
43%
Shelter From the Storm
43%
Masters of War
42%
Tombstone Blues
40%
Spanish Harlem Incident
25%
No matching quizzes found
Score Distribution
Percent of People with Each Score
Percentile by Number Answered
Your Score History
You have not taken this quiz